La calidad de servicio (Registro nro. 17121)
[ vista simple ]
| 000 -LEADER | |
|---|---|
| fixed length control field | 00360 a2200121 4500 |
| 001 - CONTROL NUMBER | |
| control field | ART_2148 |
| 005 - DATE AND TIME OF LATEST TRANSACTION | |
| control field | 20260410161723.0 |
| 008 - FIXED-LENGTH DATA ELEMENTS--GENERAL INFORMATION | |
| fixed length control field | 260409a |
| 100 1# - MAIN ENTRY--PERSONAL NAME | |
| Personal name | Felcman, Isidoro Luis |
| 245 10 - TITLE STATEMENT | |
| Title | La calidad de servicio |
| 700 1# - ADDED ENTRY--PERSONAL NAME | |
| Personal name | Karpf, Luis L. |
| 773 0# - HOST ITEM ENTRY | |
| Title | Administración de empresas |
| Related parts | - Año XX, Nº 229/230 (abr./may. 1989) |
| Record control number | REV2036 |
No hay ítems disponibles.